| 000 | 00904nam a2200277Ia 4500 | ||
|---|---|---|---|
| 001 | Para_8557 | ||
| 003 | CHAP | ||
| 008 | 220125s9999 xx 000 0 und d | ||
| 010 | _a207368 | ||
| 040 | _cCHAP | ||
| 082 | _aPA-C 595.752 A6 | ||
| 100 |
_aBaker, A.C. _99525 |
||
| 245 |
_aA further contribution to the study of eriosoma pyricola, the wolly pear aphis / _c by A.C. Baker, and W.M. Davidson |
||
| 300 | _a10 p. | ||
| 440 |
_aAphidae; 22 _9173948 |
||
| 500 | _aSobretiro de; Journal of Agricultural Research, 10 (2): 65-74, 1917. Encuadernado con otros impresos similares | ||
| 650 |
_a _x Afididos _x Colecciones de escritos _x Eriosoma lanigerum _9173718 |
||
| 700 |
_aDavidson, W.M. _931193 |
||
| 901 | _aPA-C 595.752 A6 | ||
| 902 | _aA | ||
| 905 | _a000000 0000000000 00 | ||
| 910 | _a | ||
| 942 | _cPARA | ||
| 942 |
_cPARA _d1 |
||
| 999 |
_c207368 _d207368 |
||